Catàleg del Col·legi de Periodistes de Catalunya

El tercer hombre (Registre núm. 6355)

000 -CABECERA
Longitud fija campo de control 00695nam a22002297a 4500
003 - IDENTIFICADOR DEL NÚMERO DE CONTROL
Identificador del número de control OSt
005 - FECHA Y HORA DE LA ÚLTIMA TRANSACCIÓN
Fecha y hora de la última transacción 20131106130551.0
008 - CÓDIGOS DE INFORMACIÓN DE LONGITUD FIJA
Códigos de información de longitud fija 130530s1996 sp ||||| |||| 00| 0 spa d
040 ## - FUENTE DE LA CATALOGACIÓN
Centro transcriptor CDMR
100 1# - PUNTO DE ACCESO PRINCIPAL-NOMBRE DE PERSONA
9 (RLIN) 3571
Nombre de persona Esteban, Esther
245 13 - MENCIÓN DE TÍTULO
Título El tercer hombre
Resto del título : P.J. la pesadilla de F. G.
Mención de responsabilidad, etc. Esther Esteban ; prólogo de Francisco Umbral
250 ## - MENCIÓN DE EDICIÓN
Mención de edición 2a ed.
260 ## - PUBLICACIÓN, DISTRIBUCIÓN, ETC. (PIE DE IMPRENTA)
Lugar de publicación, distribución, etc. Madrid
Nombre del editor, distribuidor, etc. Espasa-Calpe
Fecha de publicación, distribución, etc. 1996
300 ## - DESCRIPCIÓN FÍSICA
Extensión 321 p.
490 0# - MENCIÓN DE SERIE
Mención de serie Espasa Hoy
600 1# - PUNTO DE ACCESO ADICIONAL DE MATERIA - NOMBRE DE PERSONA
9 (RLIN) 3593
Nombre de persona González Márquez, Felipe
Fechas asociadas al nombre 1942-
600 1# - PUNTO DE ACCESO ADICIONAL DE MATERIA - NOMBRE DE PERSONA
9 (RLIN) 2327
Nombre de persona Ramírez, Pedro José
610 2# - PUNTO DE ACCESO ADICIONAL DE MATERIA - NOMBRE DE ENTIDAD CORPORATIVA
9 (RLIN) 3493
Nombre de entidad corporativa o nombre de jurisdicción como elemento inicial El Mundo (Diari)
650 04 - PUNTO DE ACCESO ADICIONAL DE MATERIA - TÉRMINO DE MATERIA
9 (RLIN) 4090
Término de materia o nombre geográfico como elemento inicial Premsa i política
Subdivisión geográfica Espanya
700 1# - PUNTO DE ACCESO ADICIONAL - NOMBRE DE PERSONA
9 (RLIN) 3594
Nombre de persona Umbral, Francisco
Término indicativo de función pr.
942 ## - ENTRADA DE ELEMENTOS AGREGADOS (KOHA)
Fuente de clasificaión o esquema
Koha [por defecto] tipo de item Monografies
Fons
Suprimido Perdido Estropeado No para préstamo Localización permanente Localización actual Fecha adquisición Préstamos totales Renovaciones totales Signatura completa Código de barras Fecha última consulta Fecha último préstamo Fecha del precio de reemplazo Tipo de item de Koha
        Centre de Documentació Montserrat Roig Centre de Documentació Montserrat Roig 2013-01-16 1 1 Dg /14 CDMR13056562 2013-09-19 2013-09-18 2013-05-30 Monografies

Implantat amb Koha